| 000 | 00505nam a2200181Ia 4500 | ||
|---|---|---|---|
| 001 | 8105 | ||
| 005 | 20260306160544.0 | ||
| 008 | 260306t2001||||xx |||||||||||||| ||spa|| | ||
| 041 | _aESP | ||
| 082 |
_a370.1 _bS66 |
||
| 100 |
_aSolórzano Domínguez, Nubia _eAUT |
||
| 245 | 0 |
_aManual de actividades para el rendimiento académico: _bapoyo al aprendizaje de estudiantes y maestros |
|
| 260 | _c2001 | ||
| 300 |
_a152 páginas : _c24 c.m. |
||
| 650 | _aGEN | ||
| 654 | _aCED | ||
| 942 |
_cLIB _dJUS _fJUS _2ddc _n |
||
| 999 |
_c8105 _d8105 |
||